000 00350nam a2200145Ia 4500
008 230711s9999||||xx |||||||||||||| ||und||
041 _aENG
082 _a620
_bYU-F
100 _aYuan S
245 0 _aFrontics of fluid mechanics
250 _a10th Ed.
260 _c1990
_aNew York
_bLewis Publication
650 _aMechanical Engineering
942 _cBK
999 _c644
_d644